000 00637nab a2200205 4500
001 244442
003 OSt
005 20250703112645.0
007 tu
008 200917s2020|||||||
040 _aDE-2950
_cDE-2950
245 0 0 _aNeuer Beauftragter für Kleist
_bUni. Felix Töppel soll mithilfe von Projekten die Zusammenarbeit zwischen Kleist-Stiftung und Viadrina verstärken/
_cred
264 _c2024
653 _aFrankfurt (Oder)
653 _aViadrina
653 _aKleist-Beauftragter
653 _aFelix Töppel
773 0 _g36. Jahrgang (2025) Nr. 145 vom 25.06.2025, S. 16 mit Foto
_tMärkische Oderzeitung
942 _2z
_cA
999 _c373861
_d373861